Медвежонок Паддингтон и его невероятные приключения (Запись № 10892929)
[ простой вид ]
| 000 -МАРКЕР | |
|---|---|
| контрольное поле | 01326nam0a2200325 4500 |
| 001 - ИДЕНТИФИКАТОР ЗАПИСИ | |
| контрольное поле | RU\NLR\BIBL_A\011601694 |
| 005 - ИДЕНТИФИКАТОР ВЕРСИИ | |
| контрольное поле | 20260406095553.0 |
| 010 ## - МЕЖДУНАРОДНЫЙ СТАНДАРТНЫЙ НОМЕР КНИГИ (ISBN) | |
| Номер (ISBN) | 978-5-389-09862-6 |
| Тираж | 4000 |
| 021 ## - НОМЕР ГОСУДАРСТВЕННОЙ РЕГИСТРАЦИИ | |
| Код страны | Российская Федерация |
| Номер | 2017-99307 |
| Номер Листа государственной регистраци | 7151 |
| 035 ## - ДРУГИЕ СИСТЕМНЫЕ НОМЕРА | |
| Идентификатор записи | (RuMoRGB)009498271 |
| 035 ## - ДРУГИЕ СИСТЕМНЫЕ НОМЕРА | |
| Идентификатор записи | (NLR Aleph) 011601694 |
| 100 ## - ДАННЫЕ ОБЩЕЙ ОБРАБОТКИ | |
| Данные общей обработки | 20180125d2017 |||y0rusy50 ca |
| 101 1# - ЯЗЫК РЕСУРСА | |
| Язык текста, звукозаписи и т.д. | русский |
| Язык оригинала | английский |
| 102 ## - СТРАНА ПУБЛИКАЦИИ ИЛИ ПРОИЗВОДСТВА | |
| Страна публикации | Российская Федерация |
| 105 ## - ПОЛЕ КОДИРОВАННЫХ ДАННЫХ: ТЕКСТОВЫЕ МАТЕРИАЛЫ, МОНОГРАФИЧЕСКИЕ | |
| Кодированные данные о монографическом текстовом документе | a|||zzzz0|0ay |
| 200 1# - ЗАГЛАВИЕ И СВЕДЕНИЯ ОБ ОТВЕТСТВЕННОСТИ | |
| Основное заглавие | Медвежонок Паддингтон и его невероятные приключения |
| Сведения, относящиеся к заглавию | [рассказы |
| -- | для младшего школьного возраста] |
| Первые сведения об ответственности | Майкл Бонд |
| Последующие сведения об ответственности | [перевод с английского Александры Глебовской] |
| -- | иллюстрации Р. В. Элли |
| 210 ## - ПУБЛИКАЦИЯ, РАСПРОСТРАНЕНИЕ И ДР. | |
| Место издания, распространения и т.д. | Санкт-Петербург |
| Имя издателя, распространителя и т. д. | Азбука |
| Дата издания, распространения и т.д. | 2017 (макет 2018) |
| 215 ## - ФИЗИЧЕСКАЯ ХАРАКТЕРИСТИКА | |
| Специфическое обозначение материала и объем | 132, [3] с. |
| Другие сведения о физической характеристике | цв. ил. |
| Размеры | 24 |
| 225 1# - СЕРИЯ | |
| Основное заглавие серии | Серия "Малышам о Паддингтоне" |
| 333 ## - ПРИМЕЧАНИЯ ОБ ОСОБЕННОСТЯХ РАСПРОСТРАНЕНИЯ И ИСПОЛЬЗОВАНИЯ | |
| Текст примечания | 0+ |
| 686 ## - ИНДЕКСЫ ДРУГИХ КЛАССИФИКАЦИЙ | |
| Индекс | Ш9(2)72(4Вл) |
| Код системы | |
| 686 0# - ИНДЕКСЫ ДРУГИХ КЛАССИФИКАЦИЙ | |
| Индекс | Ш9(4Вл)60-4 |
| 700 #1 - ИМЯ ЛИЦА - ПЕРВИЧНАЯ ОТВЕТСТВЕННОСТЬ | |
| Начальный элемент ввода | Бонд |
| Часть имени, кроме начального элемента ввода | М. |
| Даты | 1926-2017 |
| Расширение инициалов личного имени | Майкл |
| Идентификатор авторитетной/нормативной записи | RU\NLR\AUTH\7772784 |
| Системный номер авторитетной/нормативной записи | 55712 |
| 702 #1 - ИМЯ ЛИЦА - ВТОРИЧНАЯ ОТВЕТСТВЕННОСТЬ | |
| Начальный элемент ввода | Элли |
| Часть имени, кроме начального элемента ввода | Р.В. |
| Расширение инициалов личного имени | Роберт В |
| Код отношения | Карикатурист, Художник |
| 942 ## - ДОПОЛНИТЕЛЬНЫЕ ЭЛЕМЕНТЫ ЗАПИСИ (АБИС) | |
| Тип экземпляра АБИС | Книга |
| 980 ## - КОЛЛЕКЦИЯ | |
| Название коллекции | Национальная библиография |
| Тип экземпляра | Дата поступления | Источник поступления | Библиотека постоянного хранения | Библиотека текущего хранения | Место хранения | Шифр хранения | Штрих-код | Статус экземпляра | Стоимость |
|---|---|---|---|---|---|---|---|---|---|
| Книга | 25.01.2018 | Обязательный экземпляр | РНБ (Московский) | РНБ (Московский) | Русский книжный фонд: издания с 1957 года | 2018-7/448 | 1-2149409 | ||
| Книга | 25.01.2018 | Обязательный экземпляр | РНБ (Московский) | РНБ (Московский) | Обменный фонд | 1-2149410 | 135.00 |